00529 2200181 4500001002100000008004100021035002000062245005800082100001800140260004400158300002600202020002200228084001700250520003300267082001100300650002400311990001200335INLIS000000000015711 ind  a0010-0323000159 a100 Fakta HiucSteve Parker; alih bahasa, Dwi Woro H. aPARKER, Steve aJakarta :bElex Media Komputindo,c2017 a47 hal.: ilus.c27 cm a978-602-04-0204-8 a597.92 PAR s aJudul asli : 100 Fact Sharks a597.92 aIKAN LAUT DALAM-HIU a10568 a